00939 2200337 4500001002100000005001500021035002000036007000300056040001700059100002800076245006200104250001300166300003200179504002400211020002200235041000800257082000800265084001400273090002000287264005000307336002100357337003000378338002300408500002800431650001200459700003500471850001000506008004100516990002200557990002200579INLIS00000000000784020260529030958 a0010-0922000329ta aSBPUPADbind0 aAlzena RestiePengarang1 aPanduan Praktis Budidaya Tomat dan Wortel /cAlzena Resti a.- cet.1 a54 hlm :bilus. ;c14x20 cm aBibliografi, hlm 94 a979-602-51556-2-807aind a634 a634 ALZ p a634 ALZ p L18-9 a.--Yogyakarta :bHijaz Pustaka Mandiri,c2018 2rdacontentateks 2rdamediaatanpa perantara 2rdacarrieravolume aTentang Penulis, hlm 96 4aTanaman0 aEditor, Nur IswarsoePengarang aPUPAD260529 0  a28.921/B/DPK/2018 a28.922/B/DPK/2018